[Event "9th RTU Open 2019"]
[Site "Riga"]
[Date "2019.08.11"]
[Round "9.32"]
[White "Kruglyakov, Pavlo"]
[Black "Gokerkan, Cem Kaan"]
[Result "0-1"]
[WhiteElo "2347"]
[BlackElo "2415"]
[Annotator "NA"]
[PlyCount "82"]
[EventDate "2019.08.05"]
[EventType "swiss"]
[EventCountry "LAT"]
[SourceTitle "playchess.com"]
[Source "ChessBase"]
[SourceQuality "1"]
[TimeControl "5400+30"]

1. e4 {[%emt 0:06:03]} g6 {[%emt 0:05:41]} 2. d4 {[%emt 0:00:00]} Bg7 {[%emt 0:00:05]} 3. Nc3 {[%emt 0:00:00]} c5 {[%emt 0:00:05]} 4. Nge2 {[%emt 0:00:00]} cxd4 {[%emt 0:00:54]} 5. Nxd4 {[%emt 0:00:00]} Nc6 {[%emt 0:00:07]} 6. Nb3 {[%emt 0:00:00]} Nf6 {[%emt 0:01:25]} 7. Be2 {[%emt 0:00:00]} O-O {[%emt 0:00:34]} 8. O-O {[%emt 0:00:00]} d6 {[%emt 0:00:05]} 9. Bg5 {[%emt 0:00:00]} a6 {[%emt 0:01:31]} 10. f4 {[%emt 0:00:00]} Be6 {[%emt 0:08:25]} 11. Bf3 {[%emt 0:06:50]} Rc8 {[%emt 0:01:09]} 12. Rf2 {[%emt 0:11:45]} Qb6 {[%emt 0:10:19]} 13. Qd2 {[%emt 0:12:46]} Nd7 {[%emt 0:13:25]} 14. Kh1 {[%emt 0:07:49]} Rfe8 {[%emt 0:01:51]} 15. f5 {[%emt 0:12:15]} Bc4 {[%emt 0:01:30]} 16. Be3 {[%emt 0:01:13]} Qc7 {[%emt 0:02:34]} 17. Bh6 {[%emt 0:01:34]} b5 {[%emt 0:06:59]} 18. Bxg7 {[%emt 0:01:44]} Kxg7 {[%emt 0:00:02]} 19. Be2 {[%emt 0:00:00]} Nf6 {[%emt 0:04:50]} 20. Raf1 {[%emt 0:04:59]} b4 {[%emt 0:02:38]} 21. Bxc4 {[%emt 0:17:33]} bxc3 {[%emt 0:00:46]} 22. Qe2 {[%emt 0:02:42]} cxb2 {[%emt 0:07:12]} 23. Bxa6 {[%emt 0:00:24]} Ra8 {[%emt 0:02:40]} 24. fxg6 {[%emt 0:00:23]} hxg6 {[%emt 0:00:23]} 25. a4 {[%emt 0:02:53]} Rh8 {[%emt 0:00:43]} 26. h3 {[%emt 0:01:23]} Nb4 {[%emt 0:00:47]} 27. Bb5 {[%emt 0:00:34]} Na2 {[%emt 0:00:14]} 28. Nd2 {[%emt 0:02:37]} Nc3 {[%emt 0:02:35]} 29. Qd3 {[%emt 0:01:09]} Rhc8 {[%emt 0:04:07]} 30. g4 {[%emt 0:02:35]} Qc5 {[%emt 0:00:55]} 31. Kg2 {[%emt 0:02:20]} Kg8 {[%emt 0:07:40]} 32. h4 {[%emt 0:03:10]} Nxg4 {[%emt 0:04:07]} 33. Rxf7 {[%emt 0:01:00]} Ne3+ {[%emt 0:00:05]} 34. Kh3 {[%emt 0:00:20]} Nxf1 {[%emt 0:02:25]} 35. Rxf1 {[%emt 0:00:01]} b1=Q {[%emt 0:01:15]} 36. Nxb1 {[%emt 0:00:27]} Nxb1 {[%emt 0:00:51]} 37. Rxb1 {[%emt 0:00:09]} Qxc2 {[%emt 0:00:31]} 38. Qd5+ {[%emt 0:00:31]} Kh8 {[%emt 0:00:44]} 39. Rb3 {[%emt 0:01:18]} Rc3+ {[%emt 0:00:37]} 40. Rxc3 {[%emt 0:00:11]} Qxc3+ {[%emt 0:00:02]} 41. Kg4 {[%emt 0:00:22]} Rf8 {[%emt 0:00:14]} 0-1

[Event "9th RTU Open 2019"]
[Site "Riga"]
[Date "2019.08.11"]
[Round "9.33"]
[White "Dordzhieva, Dinara"]
[Black "Smirnov, Artem"]
[Result "0-1"]
[WhiteElo "2306"]
[BlackElo "2421"]
[Annotator "NA"]
[PlyCount "128"]
[EventDate "2019.08.05"]
[EventType "swiss"]
[EventCountry "LAT"]
[SourceTitle "playchess.com"]
[Source "ChessBase"]
[SourceQuality "1"]
[TimeControl "5400+30"]

1. Nf3 {[%emt 0:00:00]} Nf6 {[%emt 0:01:54]} 2. c4 {[%emt 0:00:00]} g6 {[%emt 0:00:07]} 3. g3 {[%emt 0:00:00]} Bg7 {[%emt 0:00:06]} 4. Bg2 {[%emt 0:00:00]} O-O {[%emt 0:00:07]} 5. d4 {[%emt 0:00:00]} d6 {[%emt 0:00:06]} 6. Nc3 {[%emt 0:00:05]} Nc6 {[%emt 0:00:16]} 7. O-O {[%emt 0:00:11]} a6 {[%emt 0:00:05]} 8. d5 {[%emt 0:04:22]} Na5 {[%emt 0:00:13]} 9. Nd2 {[%emt 0:00:04]} c5 {[%emt 0:00:19]} 10. Qc2 {[%emt 0:00:25]} b5 {[%emt 0:03:21]} 11. cxb5 {[%emt 0:01:27]} axb5 {[%emt 0:00:06]} 12. Nxb5 {[%emt 0:00:12]} Qb6 {[%emt 0:00:07]} 13. Nc3 {[%emt 0:02:48]} Bf5 {[%emt 0:01:01]} 14. e4 {[%emt 0:01:38]} Bc8 {[%emt 0:00:10]} 15. Rd1 {[%emt 0:03:51]} Ba6 {[%emt 0:03:02]} 16. Rb1 {[%emt 0:07:58]} Ng4 {[%emt 0:10:51]} 17. h3 {[%emt 0:11:31]} Ne5 {[%emt 0:09:59]} 18. Nf1 {[%emt 0:12:16]} Qb4 {[%emt 0:07:09]} 19. Bg5 {[%emt 0:18:50]} Rfe8 {[%emt 0:09:33]} 20. Rbc1 {[%emt 0:01:17]} h6 {[%emt 0:24:36]} 21. Bf4 {[%emt 0:01:42]} Nac4 {[%emt 0:00:20]} 22. Bxe5 {[%emt 0:03:44]} Nxe5 {[%emt 0:02:12]} 23. Ne3 {[%emt 0:09:13]} c4 {[%emt 0:00:12]} 24. Rb1 {[%emt 0:01:17]} Rec8 {[%emt 0:08:18]} 25. Bf1 {[%emt 0:02:24]} Rab8 {[%emt 0:04:16]} 26. a3 {[%emt 0:04:48]} Qa5 {[%emt 0:03:04]} 27. Kg2 {[%emt 0:01:00]} Nd3 {[%emt 0:02:00]} 28. Nxc4 {[%emt 0:01:55]} Bxc4 {[%emt 0:00:12]} 29. Bxd3 {[%emt 0:01:04]} Bb3 {[%emt 0:00:06]} 30. Qe2 {[%emt 0:00:48]} Bxc3 {[%emt 0:00:48]} 31. bxc3 {[%emt 0:02:15]} Bxd1 {[%emt 0:00:05]} 32. Rxd1 {[%emt 0:01:42]} Rxc3 {[%emt 0:00:23]} 33. h4 {[%emt 0:00:10]} Rxa3 {[%emt 0:06:13]} 34. h5 {[%emt 0:00:18]} Ra2 {[%emt 0:00:49]} 35. Qf3 {[%emt 0:01:06]} Rbb2 {[%emt 0:01:28]} 36. Rf1 {[%emt 0:01:45]} Kg7 {[%emt 0:02:44]} 37. hxg6 {[%emt 0:02:02]} fxg6 {[%emt 0:00:02]} 38. e5 {[%emt 0:00:09]} dxe5 {[%emt 0:00:36]} 39. Bxg6 {[%emt 0:04:24]} Kxg6 {[%emt 0:01:33]} 40. Qg4+ {[%emt 0:00:04]} Kf7 {[%emt 0:00:56]} 41. Qh5+ {[%emt 0:00:42]} Kf8 {[%emt 0:00:31]} 42. Qxh6+ {[%emt 0:00:37]} Ke8 {[%emt 0:00:02]} 43. Qh8+ {[%emt 0:00:36]} Kd7 {[%emt 0:00:23]} 44. Qxe5 {[%emt 0:00:09]} Qb6 {[%emt 0:00:52]} 45. Qf5+ {[%emt 0:00:15]} Ke8 {[%emt 0:00:35]} 46. Qh5+ {[%emt 0:00:29]} Kd8 {[%emt 0:00:08]} 47. Qh8+ {[%emt 0:00:34]} Kd7 {[%emt 0:00:51]} 48. Qh3+ {[%emt 0:00:06]} Kc7 {[%emt 0:00:30]} 49. Qf5 {[%emt 0:00:04]} Rc2 {[%emt 0:00:33]} 50. g4 {[%emt 0:00:34]} Qf6 {[%emt 0:00:32]} 51. d6+ {[%emt 0:01:42]} Kxd6 {[%emt 0:00:33]} 52. Rd1+ {[%emt 0:00:18]} Rd2 {[%emt 0:00:18]} 53. Qxf6+ {[%emt 0:00:50]} exf6 {[%emt 0:00:06]} 54. Rf1 {[%emt 0:00:02]} Ke5 {[%emt 0:00:39]} 55. Kg3 {[%emt 0:00:06]} Rxf2 {[%emt 0:00:55]} 56. Rxf2 {[%emt 0:00:05]} Rxf2 {[%emt 0:00:04]} 57. Kxf2 {[%emt 0:00:04]} Kf4 {[%emt 0:00:03]} 58. g5 {[%emt 0:00:01]} fxg5 {[%emt 0:00:06]} 59. Kg2 {[%emt 0:00:05]} Kg4 {[%emt 0:00:04]} 60. Kh2 {[%emt 0:00:17]} Kf3 {[%emt 0:00:06]} 61. Kh3 {[%emt 0:00:05]} g4+ {[%emt 0:01:04]} 62. Kh2 {[%emt 0:00:02]} Kf2 {[%emt 0:00:04]} 63. Kh1 {[%emt 0:00:03]} Kg3 {[%emt 0:00:03]} 64. Kg1 {[%emt 0:00:02]} Kh3 {[%emt 0:00:06]} 0-1